000 00443nam a2200169Ia 4500
003 GCL
008 140319s9999 xx 000 0 ara d
040 _aGCL /
_cGCL
082 0 4 _a200.9
_bط ت
100 1 _aطة الهاشمى
245 1 0 _aتاريخ الاديان و فلسفتها /
_cطة الهاشمى
300 _a366
490 _a
650 0 4 _aالديانات القديمة
650 0 4 _aالطوطمية
942 _2ddc
_cBK
999 _c44402
_d44402